| 000 | 01239nam0a22002651 4500 | ||
|---|---|---|---|
| 001 | rc\511652 | ||
| 005 | 20260407121211.0 | ||
| 035 | _a(NLR Aleph) 005751676 | ||
| 090 |
_a4846437 _c4846437 |
||
| 100 | _a20030616d1987 |||y0rusy50 ca | ||
| 101 | 0 | _arus | |
| 102 | _aRU | ||
| 105 | _ay ||||||||| | ||
| 200 | 1 |
_aИсторизм и эволюционизм как принципы познания _f[В.Г. Табачковский, А.Я. Мороз, В.Л. Храмова и др. _gОтв. ред. В.Г. Табачковский, А.Я. Мороз] _gАН УССР, Ин-т философии, Науч. совет "Филос. и социал. пробл. науки и техники" |
|
| 210 |
_aКиев _cНаукова думка _d1987 |
||
| 215 |
_a230, [2] с. _d21 |
||
| 300 | _aАвт. указаны на обороте тит. л. | ||
| 320 | _aБиблиогр. в примеч.: с. 219-231 | ||
| 701 | 1 |
_aТабачковский _bВ.Г. _gВиталий Георгиевич |
|
| 712 | 0 | 2 |
_aИнститут философии им. Г. С. Сковороды _cКиев _3RU\NLR\AUTH\889954959 _9405943 |
| 801 | 0 |
_aRU _bNLR _gpsbo |
|
| 801 | 1 |
_aRU _bELAR _2rusmarc |
|
| 852 |
_aNLR _j87-3/7280 |
||
| 942 | _cBOOK | ||
| 980 | _aNB | ||